Uncommon wisdom : conversations with remarkable people
| Main Author: | |
|---|---|
| Format: | Book |
| Published: |
Toronto :
Bantam Books ,
1989
|
| Subjects: |
MARC
| LEADER | 00000cam a2200000 7i4500 | ||
|---|---|---|---|
| 001 | 0000008373 | ||
| 002 | 000009128 | ||
| 005 | 20000330.0 | ||
| 020 | |a 0553346105 | ||
| 090 | 0 | 0 | |a 191 |b CAP |
| 100 | 1 | |a Capra, Fritjof | |
| 245 | 1 | 0 | |a Uncommon wisdom : |b conversations with remarkable people |c Fritjof Capra |
| 260 | |a Toronto : |b Bantam Books , |c 1989 | ||
| 300 | |a 334p. ; |c 22cm. | ||
| 650 | 0 | 0 | |a New age movement |
| 999 | |a 020917 |b BUKU |c PINJAMAN |e PERPUSTAKAAN KOMUNITI PETALING JAYA | ||